Phát triển nông nghiệp ngoại thành Hà Nội theo hướng nông nghiệp sinh thái
Uloženo v:
| Hlavní autor: | |
|---|---|
| Médium: | Kniha |
| Jazyk: | Undetermined |
| Vydáno: |
Hà Nội
Nông Nghiệp
2004
|
| Témata: | |
| Tagy: |
Přidat tag
Žádné tagy, Buďte první, kdo otaguje tento záznam!
|
| Thư viện lưu trữ: | Trung tâm Học liệu Trường Đại học Cần Thơ |
|---|
| LEADER | 00636nam a2200205Ia 4500 | ||
|---|---|---|---|
| 001 | CTU_92434 | ||
| 008 | 210402s9999 xx 000 0 und d | ||
| 020 | |c 10000 | ||
| 082 | |a 338.1 | ||
| 082 | |b Kh452 | ||
| 100 | |a Phạm, Văn Khôi | ||
| 245 | 0 | |a Phát triển nông nghiệp ngoại thành Hà Nội theo hướng nông nghiệp sinh thái | |
| 245 | 0 | |c Phạm Văn Khôi | |
| 260 | |a Hà Nội | ||
| 260 | |b Nông Nghiệp | ||
| 260 | |c 2004 | ||
| 650 | |a Agriculture,Farm management | ||
| 650 | |x Economic aspects | ||
| 904 | |i Mai Loan | ||
| 980 | |a Trung tâm Học liệu Trường Đại học Cần Thơ | ||